Szczegóły MARC21

Jak umysł rośnie w siłę gdy mózg się starzeje /

003 -Nazwa inst., której nr kontr. jest w polu 001 [,]
    • @
    • Nazwa instytucji, której n kontrolny jest w polu 001
    • NUKAT
005 -DATA I CZAS OSTATNIEJ MODYFIKACJI [,]
    • @
    • pole kontrolne
    • 20241231095927.0
020 -Międzynarod. znormalizowany nr książki - ISBN [ , ]
    • a
    • Numer ISBN
    • 9788301177614 Find
    • z
    • Błędny ISBN (P)
    • 97898301177614 Find
040 -Instytucja sporządzająca opis [ , ]
    • a
    • Instytucja, która sporządziła opis (NP)
    • OLSZT 003/BK
    • c
    • Instytucja, która sporządziła rekord (NP)
    • OLSZT 003/BKs
    • d
    • Instytucja, która zmodyfikowała rekord (P)
    • WR O/dja
    • d
    • Instytucja, która zmodyfikowała rekord (P)
    • KR U/JW
    • d
    • Instytucja, która zmodyfikowała rekord (P)
    • GD 27/MDUs
041 -Język dokumentu [1, ]
    • a
    • Język tekstu (P)
    • polski
    • h
    • Język tekstu oryginalnego i/lub pośredniego (P)
    • angielski
942 -Rodzaj dokumentu [ , ]
    • c
    • Rodzaj dokumentu
    • Książka
100 -Hasło główne - nazwa osobowa [1, ]
    • a
    • Nazwa osobowa (NP)
    • Goldberg, Elkhonon
    • d
    • Daty biograficzne (NP)
    • (1946- ).
    • 9
    • KHW
    • 82328
245 -Strefa tytułu i oznaczenia odpowiedzialności [1,0]
    • a
    • Tytuł
    • Jak umysł rośnie w siłę gdy mózg się starzeje / Find
    • c
    • Pozostałe elementy strefy tytułu i oznaczenia odpowiedzialności (NP)
    • Elkhonon Goldberg ; przeł. Małgorzata Guzowska ; red. nauk. pol. wyd. Michał Harciarek.
246 -Wariant tytułu [1, ]
    • i
    • Tekst wyświetlany na ekranie monitora (NP)
    • Tyt. oryg.:
    • a
    • Tytuł (NP)
    • Wisdom paradox :
    • b
    • Ciąg dalszy tytułu (NP)
    • how your mind can grow stronger as your brain grows older.
260 -Strefa adresu wydawniczego [ , ]
    • a
    • Miejsce wydania (P)
    • Warszawa :
    • b
    • Nazwa wydawcy (P)
    • Wydawnictwo Naukowe PWN,
    • c
    • Data wydania (P)
    • 2014.
300 -Strefa opisu fizycznego [ , ]
    • a
    • Określenie formy książki i/lub objętość (NP)
    • 348 s. :
    • b
    • Oznaczenie ilustracji (NP)
    • il. ;
    • c
    • Format (NP)
    • 21 cm.
336 -Typ zawartości [ , ]
    • a
    • Termin opisujący typ zawartości
    • Tekst
    • b
    • Kod określający zawartość
    • txt
    • 2
    • Źródło (terminu i kodu)
    • rdacontent
337 -Typ mediów [ , ]
    • a
    • Tryb odtwarzania
    • Bez urządzenia pośredniczącego
    • b
    • Kod typu mediów
    • n
    • 2
    • Źródło (terminu i kodu)
    • rdamedia
338 -Typ/rodzaj nośnika [ , ]
    • a
    • Hasło opisujące typ nośnika
    • Wolumin
    • b
    • Kod typu nośnika
    • nc
    • 2
    • Źródło (terminu i kodu)
    • rdacarrier
500 -Uwaga ogólna [ , ]
    • a
    • Uwaga ogólna (NP)
    • Na s. red. błędny ISBN.
504 -Uwaga dot. bibliogr. załącznikowej [ , ]
    • a
    • Uwaga dot. bibliografii załącznikowej
    • Bibliogr. s. 307-337. Indeksy.
530 -Uwaga dot. innej postaci fizycznej dokumentu [ , ]
    • a
    • Uwaga dot. innej postaci fizycznej dokumentu
    • Dostępne również w wersji dźwiekowej.
080 -Uniwersalna Klasyfikacja Dziesiętna [ , ]
    • 2
    • Identyfikator wydania tablic
    • UDC-P058
    • 9
    • UKD
    • 4569
    • a
    • Symbol klasyfikacji
    • 612.82
    • b
    • Dopowiedzenie
    • Mózg. Ośrodki mózgowe. Fizjologia snu.
080 -Uniwersalna Klasyfikacja Dziesiętna [ , ]
    • 2
    • Identyfikator wydania tablic
    • UDC-P058
    • 9
    • UKD
    • 4563
    • a
    • Symbol klasyfikacji
    • 612.67
    • b
    • Dopowiedzenie
    • Starzenie sie. Starość. Klimakterium.
080 -Uniwersalna Klasyfikacja Dziesiętna [ , ]
    • 2
    • Identyfikator wydania tablic
    • UDC-P058
    • 9
    • UKD
    • 2413
    • a
    • Symbol klasyfikacji
    • 159.91
    • b
    • Dopowiedzenie
    • Psychofizjologia. System nerwowy: struktura i funkcje.
080 -Uniwersalna Klasyfikacja Dziesiętna [ , ]
    • 2
    • Identyfikator wydania tablic
    • UDC-P058
    • 9
    • UKD
    • 4765
    • a
    • Symbol klasyfikacji
    • 616.8:159.91
    • b
    • Dopowiedzenie
    • Neuropsychologia.
650 -Hasło przedmiotowe [ ,7]
    • a
    • Hasło przedmiotowe
    • Mózg
    • x
    • Określnik rzeczowy
    • starzenie się.
    • 2
    • Źródło terminu
    • kaba
    • 9
    • KHW
    • 120273
650 -Hasło przedmiotowe [ ,7]
    • a
    • Hasło przedmiotowe
    • Neuropsychologia.
    • 2
    • Źródło terminu
    • kaba
    • 9
    • KHW
    • 121066
650 -Hasło przedmiotowe [ ,7]
    • a
    • Hasło przedmiotowe
    • Neuronauki kognitywne.
    • 2
    • Źródło terminu
    • kaba
    • 9
    • KHW
    • 121061
980 -Symbol UKD [ , ]
    • a
    • UKD
    • 612.82:612.67:159.91:616.8:159.91
700 -Hasło dodatkowe - nazwa osobowa [1, ]
    • a
    • Nazwa osobowa (NP)
    • Guzowska-Dąbrowska, Małgorzata. Find
    • e
    • Określenie rodzaju współpracy
    • Tł.
    • 9
    • KHW
    • 19213
700 -Hasło dodatkowe - nazwa osobowa [1, ]
    • a
    • Nazwa osobowa (NP)
    • Harciarek, Michał. Find
    • e
    • Określenie rodzaju współpracy
    • Red.
    • 9
    • KHW
    • 72247
710 -Hasło dodatkowe - nazwa ciała zbiorowego [2, ]
    • a
    • Nazwa ciała zbiorowego lub nazwa geograficzna jako pierwszy element (NP)
    • Wydawnictwo Naukowe PWN.
    • 4
    • Kod relacji
    • pbl
    • 9
    • KHW
    • 52648
856 -Dostęp do wersji elektronicznej [4,1]
    • z
    • Uwaga
    • Dostęp autoryzowany
920 -ISBN [ , ]
    • a
    • ISBN
    • 978-83-01-17761-4 Find
    • z
    • Błędny ISBN
    • 978-9-83-01-17761-4 Find
Numer inwentarzowy Lokalizacja Status udost. Data inwentaryzacji
Z.118429BG12014-04-17
WM.15724BG-32014-04-17
WM.15725BG-32014-04-17
H.27440BNS12015-08-06